| 000 | 00546nam a2200169 a 4500 | ||
|---|---|---|---|
| 001 | 000043847 | ||
| 005 | 20201002045013.0 | ||
| 008 | 140507s2001 sp ac 001 0 spa d | ||
| 020 | _a8408040669 | ||
| 040 |
_aDO-SdBNP _bspa _cBNPHU |
||
| 100 | 1 |
_aEspaña, Ramón de, _d1956- _971709 |
|
| 245 | 1 | 3 |
_aLa caja de las sorpresas : _buna historia personal de la televisión. |
| 260 |
_aEspaña : _bPlaneta Visual, _c2001. |
||
| 300 |
_a184 p. : _bil. ; _c29 cm. |
||
| 500 | _aIncluye índice | ||
| 500 | _aIncluye datos biográficos del autor en la solapa | ||
| 999 |
_c43336 _d43336 |
||